00498 a2200157 4500010001400000020002300014035001300037037001600050082001600066245006600082260003600148270007500184300003100259500002000290700003000310 aENG-88811 c200.00a8125030735 aEN-72344 bDBAD / PUB14a306.44609541 aMultilingualism in India/cedited by Debi Prasanna Pattanayak aNew DelhibOrient Longmanc2007 a1/24, Asaf Ali Road,bNew Dehlie110 002mdelgeneral@orientlongman.com axii, 116 p.c21 cm. (Pbk.) aIncludes Index1 aPattanayak, Debi Prasanna